|
|
|
|
| LEADER |
02067nam a2200529 i 4500 |
| 001 |
nkc20091962042 |
| 003 |
CZ PrNK |
| 005 |
20150910120448.0 |
| 007 |
ta |
| 008 |
150521s2009 xr a e f 000 0 cze |
| 015 |
|
|
|a cnb001962042
|
| 020 |
|
|
|a 978-80-87051-65-8
|q (brožováno)
|
| 035 |
|
|
|a (OCoLC)913563099
|
| 040 |
|
|
|a ABA001
|b cze
|e rda
|
| 043 |
|
|
|a e-xr---
|
| 072 |
|
7 |
|a 502
|x Životní prostředí a jeho ochrana
|2 Konspekt
|9 2
|
| 080 |
|
|
|a 502.17:502.5
|2 MRF
|
| 080 |
|
|
|a 502.5:574.038
|2 MRF
|
| 080 |
|
|
|a (437.3)
|2 MRF
|
| 080 |
|
|
|a (036)
|2 MRF
|
| 100 |
1 |
|
|a Kosejk, Jaromír
|7 pna2010554405
|4 aut
|
| 245 |
1 |
0 |
|a Realizace skladebných částí územních systémů ekologické stability (ÚSES) /
|c autoři textu Jaromír Kosejk, Václav Petříček, Jiří Klápště, Linda Franková ; autor kreseb Pavel Štěrba
|
| 264 |
|
1 |
|a Praha :
|b AOPK ČR,
|c 2009
|
| 300 |
|
|
|a 16 stran :
|b ilustrace ;
|c 21 cm
|
| 336 |
|
|
|a text
|b txt
|2 rdacontent
|
| 337 |
|
|
|a bez média
|b n
|2 rdamedia
|
| 338 |
|
|
|a svazek
|b nc
|2 rdacarrier
|
| 500 |
|
|
|a Název z obálky
|
| 500 |
|
|
|a 2000 výtisků
|
| 504 |
|
|
|a Obsahuje bibliografii
|
| 610 |
2 |
7 |
|a Územní systém ekologické stability (program)
|7 mzk2004237536
|2 czenas
|
| 650 |
0 |
7 |
|a ochrana krajiny
|7 ph123659
|z Česko
|2 czenas
|
| 650 |
0 |
7 |
|a ekologická rovnováha krajiny
|7 ph135304
|z Česko
|2 czenas
|
| 650 |
0 |
9 |
|a landscape protection
|z Czechia
|2 eczenas
|
| 650 |
0 |
9 |
|a landscape ecological balance
|z Czechia
|2 eczenas
|
| 655 |
|
7 |
|a informační publikace
|7 fd132454
|2 czenas
|
| 655 |
|
9 |
|a information publications
|2 eczenas
|
| 700 |
1 |
|
|a Petříček, Václav,
|d 1944-2022
|7 jx20041020011
|4 aut
|
| 700 |
1 |
|
|a Klápště, Jiří
|4 aut
|
| 700 |
1 |
|
|a Franková, Linda
|7 jo2014802608
|4 aut
|
| 700 |
1 |
|
|a Štěrba, Pavel,
|d 1975-
|7 js20051128010
|4 ill
|
| 910 |
2 |
|
|a BOA001
|b 2-1347.835
|
| 928 |
9 |
|
|a Agentura ochrany přírody a krajiny České republiky
|
| 990 |
|
|
|a BK
|
| 995 |
|
|
|a 01
|
| 991 |
|
|
|b 201507
|c NOV
|e n
|
| 996 |
6 |
|
|b 2610635699
|c 2-1347.835
|l MZK
|r Sklad / do 1 hodiny
|n 4
|p p.v.
|w 001510114
|u 000010
|a 1
|e BOA001
|j MZK50
|s P
|